00432 a2200145 4500020001500000040003300015082001200048100002000060245006500080250000800145260004300153300003500196500001900231650003600250 a0619063157 aLibrary of CongressbEnglish a621.395 aFarrell, Joyce. aProgramming logic and design, comprehensivehJoyce, Farrell. a2nd aCanada:bCourse Technology Inc,c2002. axiv, 434 p. :bill. ;c 24 cm. aIncludes Index aLogic programming.Logic design.